City Trivia #1 - Statistics

General Stats
  • This quiz has been taken 59 times
    38 since last reset
  • The average score is 10 of 20
Answer Stats
Hint Answer % Correct
Which of these cities is located in Australia? Sydney
96%
Which of these used to be called Edo? Tokyo
77%
Which of these was originally a Maori settlement? Auckland
73%
Which of these is the biggest city in the US that Starts with D? Dallas
73%
Which of these is the capital city of a country that starts with 'L'? Riga
65%
Which of these is in land that was part of the Persian Empire? Tehran
65%
Which of these is the namesake for a famous rally competition? Dakar
58%
Which of these is the capital of a US state located east of the Mississippi? Lansing
58%
In which of these was the treaty that formally ended WW2 signed? Paris
58%
Which of these makes up the entirety of the country it is located in? Monaco
54%
Which of these cities is the northernmost one? Tallinn
50%
Which of these is a capital city located on an island? Copenhagen
46%
Which of these is the largest city along the Baltic Sea? Stockholm
46%
Which of these cities is the closest to Niagara Falls? Detroit
42%
Which of these was the birthplace of French president Emmanuel Macron? Amiens
38%
Which of these is located in a country not recognized by all UN member states? Seoul
35%
Which of these was chosen to host the Winter Olympic Games, but refused to do so? Denver
31%
Which of these is located in an island at the confluence of two rivers? Montreal
31%
Which of these has the most French speakers? Kinshasa
27%
Which of these is a city in California? San Marino
23%
No matching quizzes found
Score Distribution
Percent of People with Each Score
Percentile by Number Answered
Your Score History
You have not taken this quiz since the last reset